Top 10 des acteurs les mieux payés en 2023 - Statistiques

Statistiques générales
  • Ce quiz a été pris 98 fois
  • Le résultat moyen est 2 sur 10
Statistiques - réponses
Hint Réponse % Correct
7 Leonardo DiCaprio
64%
3 Tom Cruise
59%
2 Margot Robbie
36%
4 Ryan Gosling
31%
1 Adam Sandler
13%
10 Denzel Washington
12%
5 Matt Damon
11%
6 Jennifer Aniston
8%
9 Ben Affleck
4%
8 Jason Stahalm
1%
Aucun quiz correspondant
Distribution des résultats
% des personnes avec chaque résultat
Percentile par nombre de réponses
Votre historique - résultats
Vous n’avez pas pris ce quiz